[Event "Challenge"]
[Site "http://www.queenalice.com/game.php?id=170489"]
[Date "2007.2.18"]
[Round "-"]
[White "Alexmonteiro"]
[Black "brendo"]
[Result "1-0"]
[WhiteElo "1890"]
[BlackElo "1822"]

1. e4 e5 2. Nc3 d6 3. Bc4 Be7 4. d3 Nf6 5. h3 O-O 6. Nf3 c5 7. O-O Nc6 8. Be3
Bd7 9. a3 Nd4 10. Nd5 Rc8 11. c3 Nxf3+ 12. Qxf3 Nxd5 13. Bxd5 Bc6 14. Bxc6 Rxc6
15. Rac1 Qd7 16. d4 f5 17. dxe5 dxe5 18. Rfd1 Qe6 19. exf5 Rxf5 20. Qd5 Qxd5 21.
Rxd5 b6 22. Rd7 Rf7 23. Rxa7 Rc8 24. Rd1 Rd8 25. Rdd7 Rxd7 26. Rxd7 Bf8 27. Rd8
1-0

[Event "Challenge"]
[Site "http://www.queenalice.com/game.php?id=170495"]
[Date "2007.2.18"]
[Round "-"]
[White "brendo"]
[Black "Paulsains"]
[Result "1-0"]
[WhiteElo "1776"]
[BlackElo "1758"]

1. d4 c5 2. dxc5 e5 3. Nf3 Nc6 4. e3 Bxc5 5. Be2 Nf6 6. O-O O-O 7. Nc3 d6 8. Na4
Be6 9. b3 a5 10. Bb2 Ba7 11. Nc3 h6 12. Qd2 d5 13. Nb5 Bb6 14. Nxe5 Nxe5 15.
Bxe5 Ne4 16. Qd1 Qg5 17. Bf4 Qg6 18. Bd3 Bh3 19. Bg3 Bf5 20. Bxe4 Bxe4 21. Rc1
h5 22. Nd6 h4 23. Nxe4 Qxe4 24. Bf4 g6 25. Qd3 Qe6 26. Rfd1 Rad8 27. Bg5 Rd6 28.
Bxh4 Kg7 29. Bg3 Rd7 30. c4 Rfd8 31. c5 Bc7 32. Bxc7 Rxc7 33. Qc3+ f6 34. Qxa5
Qe5 35. Qc3 Qh5 36. b4 Rh8 37. h3 Qf5 38. Qd3 Qxd3 39. Rxd3 Rd7 40. c6 bxc6 41.
Rxc6 Rb8 42. Rb3 d4 43. exd4 Rxd4 44. a3 Rd5 45. Rc4 g5 46. a4 Kg6 47. b5 Kf5
48. b6 Ke6 49. Rc6+ Ke7 50. Rb5 Rd1+ 51. Kh2 Rd2 52. f3 Ra2 53. a5 Kf7 54. b7
1-0

[Event "Challenge"]
[Site "http://www.queenalice.com/game.php?id=170496"]
[Date "2007.2.18"]
[Round "-"]
[White "alvarogoulart"]
[Black "brendo"]
[Result "0-1"]
[WhiteElo "1720"]
[BlackElo "1737"]

1. e4 e6 2. Nf3 d5 3. exd5 exd5 4. d4 Nf6 5. Bd3 Be7 6. O-O O-O 7. Nc3 Bg4 8. h3
Bh5 9. Be2 c6 10. Ng5 Bg6 11. Bd3 Bxd3 12. Qxd3 Nbd7 13. Re1 Bd6 14. Ne2 Re8 0-1

[Event "Let's Play Chess!"]
[Site "http://www.queenalice.com/game.php?id=170502"]
[Date "2007.2.18"]
[Round "-"]
[White "ricurvello"]
[Black "brendo"]
[Result "1-0"]
[WhiteElo "1921"]
[BlackElo "1835"]

1. e4 g6 2. d4 Bg7 3. Nf3 Nf6 4. Nc3 O-O 5. Be3 d6 6. Qd2 b6 7. O-O-O Bb7 8. Bd3
Nc6 9. a3 a6 10. h3 b5 11. g4 b4 12. axb4 Nxb4 13. b3 a5 14. d5 e6 15. dxe6 fxe6
16. Nd4 Qe7 17. Bc4 d5 18. exd5 exd5 19. Bb5 c5 20. Rhe1 cxd4 21. Bxd4 Ne4 22.
Nxe4 dxe4 23. Bc4+ Kh8 24. Bxg7+ Qxg7 25. Kb1 Qf6 26. g5 Qe7 27. Qd4+ Qg7 28.
Qxg7+ Kxg7 29. Rd7+ Kh8 30. Rxb7 Rae8 31. Rd1 Nc6 32. Rdd7 1-0

[Event "AUTO-OPEN-562"]
[Site "http://www.queenalice.com/game.php?id=170646"]
[Date "2007.2.18"]
[Round "1"]
[White "lorddrago"]
[Black "brendo"]
[Result "1-0"]
[WhiteElo "1280"]
[BlackElo "1821"]

1. e4 e6 2. Nf3 d5 3. exd5 exd5 4. d4 Nf6 5. Bg5 Be7 6. c4 O-O 7. Nc3 c6 8. Be2
dxc4 9. Bxc4 Bg4 10. Be3 Qc7 11. O-O Bd6 12. g3 Nbd7 13. Bf4 Bxf4 14. gxf4 Qxf4
15. Be2 Rfe8 16. Qd3 Rxe2 17. Nxe2 Qxf3 18. Qxf3 Bxf3 19. Ng3 Nd5 20. Rfe1 N7f6
21. Nf1 Nf4 22. h3 Nxh3+ 23. Kh2 Ng5 24. Nd2 Bd5 25. Re2 Re8 26. Rxe8+ Nxe8 27.
Re1 Nd6 28. Re7 Kf8 29. Re3 Nc4 30. Nxc4 Bxc4 31. b3 Bd5 32. f4 Nf3+ 33. Kg3
Nxd4 34. Rd3 c5 35. b4 b6 36. bxc5 bxc5 37. a4 Be4 38. Rd1 Bc2 39. Ra1 c4 40. a5
c3 41. Ra4 Bxa4 42. Kg4 f5+ 43. Kg5 h6+ 44. Kh4 1-0

[Event "AUTO-OPEN-562"]
[Site "http://www.queenalice.com/game.php?id=170647"]
[Date "2007.2.18"]
[Round "1"]
[White "brendo"]
[Black "lorddrago"]
[Result "1-0"]
[WhiteElo "1819"]
[BlackElo "1199"]

1. d4 Nf6 2. c4 e6 3. e3 d5 4. Nc3 Bb4 5. Bd2 b6 6. cxd5 exd5 7. Nf3 c5 8. Be2
O-O 9. O-O Nc6 10. a3 Bxc3 11. Bxc3 Qc7 12. dxc5 bxc5 13. Bxf6 gxf6 14. Qxd5 Bb7
15. Qxc5 Rae8 16. Rac1 Qe7 17. Qxe7 Nxe7 18. Rc7 Be4 19. Bb5 Nd5 20. Rxa7 Rb8
21. a4 Kh8 22. Nd2 Bf5 23. e4 Nf4 24. exf5 Rg8 25. g3 Rg7 26. Ne4 Nh5 27. Rd1 h6
28. Rad7 Nf4 29. Rd8+ Rxd8 30. Rxd8+ Kh7 31. Nxf6# 1-0

[Event "AUTO-OPEN-562"]
[Site "http://www.queenalice.com/game.php?id=170668"]
[Date "2007.2.18"]
[Round "1"]
[White "brendo"]
[Black "papalucas"]
[Result "1-0"]
[WhiteElo "1803"]
[BlackElo "1651"]

1. e4 e5 2. Nf3 d6 3. d4 exd4 4. Nxd4 c5 5. Nb3 Qf6 6. Nc3 c4 7. Bxc4 Qg6 8. O-O
Bh3 9. Qf3 Bg4 10. Bxf7+ Qxf7 11. Qxg4 Be7 12. Bf4 Nf6 13. Qc8+ Bd8 14. Bxd6 b6
15. e5 Qd7 16. Qxd7+ Nfxd7 17. Nd4 g6 18. Nd5 Na6 19. f4 Kf7 20. e6+ Ke8 21.
exd7+ Kxd7 22. Be5 Re8 23. c4 g5 24. Rad1 Rc8 25. b3 gxf4 26. Rxf4 Rxe5 27. Nf3
Re2 28. Nc3+ 1-0

[Event "AUTO-OPEN-562"]
[Site "http://www.queenalice.com/game.php?id=170669"]
[Date "2007.2.18"]
[Round "1"]
[White "papalucas"]
[Black "brendo"]
[Result "0-1"]
[WhiteElo "1651"]
[BlackElo "1792"]

1. c4 e6 2. d4 Nf6 3. Bg5 Be7 4. Nf3 O-O 5. e3 c6 6. Bxf6 Bxf6 7. Nc3 d5 8. Qd3
dxc4 9. Qxc4 b5 10. Qd3 Bb7 11. Qe4 Qc7 12. Bd3 g6 13. Qf4 Qxf4 14. exf4 Rd8 15.
g4 Bxd4 16. Be4 Bxc3+ 17. bxc3 f5 18. gxf5 exf5 19. Bc2 c5 20. Rd1 Na6 21. Rd3
Rxd3 22. Bxd3 c4 23. Bc2 Bxf3 24. Rg1 Rd8 25. Rg5 Nc5 26. Kf1 Ne4 27. Bxe4 Rd1#
0-1

[Event "AUTO-OPEN-562"]
[Site "http://www.queenalice.com/game.php?id=170670"]
[Date "2007.2.18"]
[Round "1"]
[White "brendo"]
[Black "ErasmudoPorto"]
[Result "0-1"]
[WhiteElo "1791"]
[BlackElo "1494"]

1. d4 d5 2. e3 Bf5 3. Nf3 e6 4. c4 Nf6 5. Nc3 c5 6. Be2 Nc6 7. O-O Be7 8. a3 O-O
9. dxc5 Bxc5 10. b4 Be7 11. Bb2 dxc4 12. Bxc4 Bg4 13. Be2 Qc7 14. Qb3 Rfd8 15.
Rac1 a6 16. h3 Bh5 17. Na4 b5 18. Nc5 Qb6 19. Nxe6 Rd6 20. Nf4 Bxf3 21. Bxf3
Rad8 22. Bxc6 Rxc6 23. Rxc6 Qxc6 24. Rc1 Qb7 25. Qc2 Qd7 26. Qc6 Qd2 27. Rc2
Qe1+ 28. Kh2 h6 29. Qc3 Qxc3 30. Bxc3 Ne4 31. Bd4 Bd6 32. g3 Bxf4 33. gxf4 Nd6
34. Rc6 Nf5 35. Bc5 Ra8 36. e4 Nh4 37. f5 Nf3+ 38. Kg3 Ne5 39. Rd6 Nc4 40. Rd3
Re8 41. f3 g6 42. fxg6 fxg6 43. Be3 Nxe3 44. Rxe3 Kg7 45. f4 Kf6 46. Kf3 h5 47.
h4 Rc8 48. Rd3 Rc6 49. Ke3 Ke6 50. Kd4 Rc4+ 51. Ke3 Rc1 52. Kf3 Rh1 53. Kg3 Re1
54. Rc3 Kd6 55. Rd3+ Ke6 56. e5 Rg1+ 57. Kf3 Rg4 58. Rd6+ Kf7 59. Rxa6 Rxh4 60.
a4 bxa4 61. Rxa4 Rh3+ 62. Ke4 Rb3 63. Ra7+ Kf8 64. Rb7 Kg8 0-1

[Event "AUTO-OPEN-562"]
[Site "http://www.queenalice.com/game.php?id=170671"]
[Date "2007.2.18"]
[Round "1"]
[White "ErasmudoPorto"]
[Black "brendo"]
[Result "0-1"]
[WhiteElo "1269"]
[BlackElo "1809"]

1. e4 e5 2. Nf3 d6 3. Bc4 Be7 4. d4 exd4 5. Nxd4 Nf6 6. Nc3 O-O 7. Bg5 Nxe4 8.
Bxe7 Qxe7 9. O-O Nxc3 10. bxc3 Bd7 11. Qf3 Nc6 12. Rfe1 Nxd4 13. cxd4 Qf6 14.
Qxf6 gxf6 15. Re3 Bf5 16. c3 Rfe8 17. Rae1 Kf8 18. Kf1 Rxe3 19. Rxe3 Re8 20. Ke2
Be6 21. Bxe6 fxe6 22. f4 e5 23. fxe5 dxe5 24. dxe5 Rxe5 25. Rxe5 fxe5 26. Ke3
Ke7 27. g4 b5 28. h4 c5 29. g5 b4 30. cxb4 cxb4 31. Ke4 Ke6 32. h5 a5 33. g6
hxg6 34. hxg6 a4 35. Kd3 b3 36. axb3 a3 37. Kc2 e4 38. g7 Kf7 39. b4 e3 40. b5
a2 0-1

[Event "Challenge"]
[Site "http://www.queenalice.com/game.php?id=170856"]
[Date "2007.2.19"]
[Round "-"]
[White "brendo"]
[Black "CaptainJester"]
[Result "1-0"]
[WhiteElo "1563"]
[BlackElo "1537"]

1. e4 e5 2. Nf3 Nc6 3. Bc4 Nf6 4. O-O d5 5. exd5 Nxd5 6. Bxd5 Qxd5 7. Nc3 Qe6 8.
Re1 Bd6 9. d4 Qf5 10. dxe5 Nxe5 11. Nxe5 Bxe5 12. f4 O-O 13. Rxe5 Qg6 14. Be3 f6
15. Re7 Bh3 16. Qd5+ Kh8 17. Qe4 Bf5 18. Qf3 Rfe8 19. Rxc7 Rad8 20. Rd1 Bxc2 21.
Rxd8 Rxd8 22. Qg3 Rb8 23. Qxg6 hxg6 24. Bxa7 Re8 25. Rxb7 1-0

[Event "Challenge"]
[Site "http://www.queenalice.com/game.php?id=170857"]
[Date "2007.2.19"]
[Round "-"]
[White "brendo"]
[Black "BLUESHARK"]
[Result "1-0"]
[WhiteElo "1634"]
[BlackElo "1562"]

1. e4 e6 2. d4 d6 3. Bd3 Nf6 4. Ne2 Be7 5. O-O O-O 6. f4 d5 7. e5 Nfd7 8. c3 b6
9. Be3 Ba6 10. Bxa6 Nxa6 11. Qd3 Nab8 12. Rf3 c5 13. Rh3 g6 14. Nd2 c4 15. Qc2
Nc6 16. Nf3 Qb8 17. Ng5 b5 18. Nxh7 Kg7 19. Ng5 Rh8 20. Rxh8 Qxh8 21. Rf1 b4 22.
Rf3 bxc3 23. bxc3 Qh5 24. Rh3 Qg4 25. Rh7+ Kg8 26. Rxf7 Rf8 27. Qxg6+ 1-0

[Event "Challenge"]
[Site "http://www.queenalice.com/game.php?id=170871"]
[Date "2007.2.19"]
[Round "-"]
[White "Moondawg"]
[Black "brendo"]
[Result "0-1"]
[WhiteElo "1686"]
[BlackElo "1786"]

1. e4 e6 2. a3 Nc6 3. Nc3 g6 4. d4 d5 5. exd5 exd5 6. Nf3 Bg7 7. h3 Nge7 8. Be3
O-O 9. Be2 Re8 10. O-O Nf5 11. Bf4 Ncxd4 12. Nxd4 Bxd4 13. g4 Bxc3 14. bxc3 Nd6
15. Qxd5 Rxe2 16. Rac1 Qf6 17. Qd4 Qxd4 18. cxd4 Re4 19. Be5 f5 20. f3 Re2 21.
Rfe1 Rxe1+ 22. Rxe1 Bd7 23. Bxd6 cxd6 24. Re7 Bc6 25. Kg2 Re8 26. Rxe8+ Bxe8 27.
c3 f4 28. Kf2 Kf7 29. Ke2 Bb5+ 30. Kd2 Ke6 31. Kc1 Be2 32. Kd2 Bxf3 33. Ke1 Kd5
34. Kd2 b5 35. Kd3 Be4+ 36. Kd2 g5 37. Ke2 Kc4 38. Kd2 d5 0-1

[Event "Challenge"]
[Site "http://www.queenalice.com/game.php?id=172116"]
[Date "2007.2.21"]
[Round "-"]
[White "brendo"]
[Black "mustangmike"]
[Result "1-0"]
[WhiteElo "1676"]
[BlackElo "1650"]

1. e4 e5 2. Nf3 Nf6 3. d3 d5 4. exd5 Qxd5 5. Nc3 Qc5 6. Be3 Qc6 7. Nxe5 Qe6 8.
d4 Bd6 9. Bc4 Qf5 10. Nxf7 Rf8 11. Nxd6+ cxd6 12. O-O a6 13. Re1 Kd8 14. d5 h6
15. Bb6+ Kd7 16. Na4 Re8 17. Be3 Ng4 18. Nb6+ Kd8 19. Nxa8 b5 20. Bb6+ Kd7 21.
Rxe8 Kxe8 22. Qe2+ Kf8 23. Re1 Bd7 24. Bd3 Qf7 25. Nc7 Ne5 26. f4 Qxf4 27. Rf1
1-0

[Event "Challenge"]
[Site "http://www.queenalice.com/game.php?id=174778"]
[Date "2007.2.27"]
[Round "-"]
[White "morpheo"]
[Black "brendo"]
[Result "1-0"]
[WhiteElo "1671"]
[BlackElo "1800"]

1. d4 d5 2. c4 e6 3. Nc3 c6 4. e3 Nf6 5. Qc2 Bb4 6. Bd2 dxc4 7. Bxc4 b5 8. Bd3
Bb7 9. a4 a6 10. Qb3 Bxc3 11. Bxc3 O-O 12. Nf3 Nbd7 13. O-O Nb6 14. Ba5 Nfd7 15.
Rfc1 Qb8 16. Qc2 g6 17. h4 Nxa4 18. h5 Kg7 19. b3 Nab6 20. hxg6 hxg6 21. Bc3 Nd5
22. Bb2 1-0

[Event "Challenge"]
[Site "http://www.queenalice.com/game.php?id=181131"]
[Date "2007.3.13"]
[Round "-"]
[White "technicaldraw"]
[Black "brendo"]
[Result "0-1"]
[WhiteElo "1968"]
[BlackElo "1813"]

1. e4 e6 2. d4 d5 3. Nc3 c6 4. e5 Bb4 5. a3 Bxc3+ 6. bxc3 Nd7 7. Nf3 Ne7 8. Bd3
c5 9. O-O c4 10. Be2 O-O 11. a4 Ng6 12. Ng5 Re8 13. f4 Ndf8 14. Ba3 h6 15. Bxf8
Rxf8 16. Nh3 f5 17. Bh5 Nh8 18. Qe1 Bd7 19. Rf3 Be8 20. Bxe8 Qxe8 21. Qh4 Ng6
22. Qh5 Nxe5 0-1

[Event "Challenge"]
[Site "http://www.queenalice.com/game.php?id=181132"]
[Date "2007.3.13"]
[Round "-"]
[White "brendo"]
[Black "technicaldraw"]
[Result "0-1"]
[WhiteElo "1827"]
[BlackElo "2032"]

1. e4 c6 2. d4 d5 3. e5 Bf5 4. Be3 e6 5. Bd3 Bxd3 6. Qxd3 Nd7 7. Ne2 Qc7 8. Nd2
c5 9. c3 c4 10. Qc2 Ne7 11. f4 f6 12. O-O fxe5 13. fxe5 O-O-O 14. b4 g6 15. a4
Nf5 16. Bf2 Bh6 17. Ng3 Be3 18. Nxf5 Bxf2+ 19. Rxf2 gxf5 20. a5 h5 21. b5 h4 22.
Qa4 Rdg8 23. Nf1 h3 24. g3 Rh4 25. Kh1 Rhg4 26. Qb4 f4 27. Rxf4 Rxf4 28. gxf4
Nb8 29. Ng3 Qh7 30. Qc5+ Kd8 31. Qd6+ Nd7 32. f5 exf5 33. e6 f4 34. Qxf4 Qc2 35.
Rg1 Rf8 36. Qh4+ Nf6 37. Qxh3 Ne4 38. Nxe4 Qxe4+ 39. Qg2 Qxe6 40. Qg5+ Kd7 41.
Qe5 Qxe5 42. dxe5 Ke6 43. Rg5 d4 44. cxd4 c3 45. Rg1 Kd5 46. e6 Kxd4 47. h4 c2
48. h5 Rh8 49. Rg4+ Kd3 50. Rg3+ Kd2 51. Rg2+ Kc3 52. Rg3+ Kb2 0-1